| 000 | 00000nam 2200000zi 4500 |
| 001 | 9.931381 |
| 003 | CaOODSP |
| 005 | 20250514141406 |
| 006 | m o d f |
| 007 | cr |n||||||||| |
| 008 | 231212t20232023abc ob f000 0 eng d |
| 020 | |a9780660692852 |
| 040 | |aCaOODSP|beng|erda|cCaOODSP |
| 043 | |an-cnp-- |
| 086 | 1 |aIu98-4/1-2023E-PDF |
| 245 | 04|aThe framework to build a green Prairie economy. |
| 264 | 1|a[Edmonton] : |bGovernment of Canada = Gouvernement du Canada, |c[2023] |
| 264 | 4|c©2023 |
| 300 | |a1 online resource (9 pages) |
| 336 | |atext|btxt|2rdacontent |
| 337 | |acomputer|bc|2rdamedia |
| 338 | |aonline resource|bcr|2rdacarrier |
| 500 | |aIssued also in French under title: Le cadre pour le développement d'une économie verte dans les Prairie. |
| 504 | |aIncludes bibliographical references. |
| 650 | 0|aSustainable development|xGovernment policy|zPrairie Provinces. |
| 650 | 0|aGreen technology|xGovernment policy|zPrairie Provinces. |
| 650 | 0|aClean energy|xGovernment policy|zPrairie Provinces. |
| 650 | 0|aEconomic development|xGovernment policy|zPrairie Provinces. |
| 651 | 0|aPrairie Provinces |xEconomic policy. |
| 710 | 1 |aCanada. |bPrairies Economic Development Canada, |eissuing body. |
| 775 | 08|tLe cadre pour le développement d'une économie verte dans les Prairie.|w(CaOODSP)9.931383 |
| 856 | 40|qPDF|s686 KB|uhttps://publications.gc.ca/collections/collection_2024/prairiescan/Iu98-4-1-2023-eng.pdf |
| 856 | 4 |qHTML|sN/A|uhttps://www.canada.ca/en/prairies-economic-development/programs/green-prairie-economy/framework.html |